00819nam a2200169Ia 4500008004100000020001800041082001900059100003400078245009300112250000600205260003800211300001700249500003800266505027000304650003700574700003800611120622s9999 xx 000 0 und d a970-24-0445-2 a909 L949h 2004 aLozano Fuentes, José Manuel aHistoria universal contemporánea / José Manuel Lozano Fuentes ; Amalia López Reyes a2 aMéxico : Grupo Editorial Patria axxiii, 387 p aIncluye bibliografía p. 385-387 aAntecedentes de la edad contemporánea.- Nociones sobre la naturaleza del conocimiento histórico.- La Revolución Francesa.- Napoleón Bonaparte.- La independencia de América.- Europa de 1815 a 1848.- Inglaterra en el Siglo XIX.- Europa de 1848 a 1870.- La c aHISTORIA - ESTUDIO Y ENSEÑANZA aLópez Reyes, Amalia ; coaut.Ì